Catálogo

Vista normal Vista MARC

Entrada Personal Name

Número de registros utilizados en: 1

001 - CONTROL NUMBER

  • control field: 9381

003 - CONTROL NUMBER IDENTIFIER

  • control field: DLC

005 - DATE AND TIME OF LATEST TRANSACTION

  • control field: 20200721123725.0

008 - FIXED-LENGTH DATA ELEMENTS

  • fixed length control field: 030729n| acannaabn |n aaa c

010 ## - LIBRARY OF CONGRESS CONTROL NUMBER

  • LC control number: nr2003024805

040 ## - CATALOGING SOURCE

  • Original cataloging agency: CSt
  • Language of cataloging: spa
  • Transcribing agency: Mx-PuUPA
  • Modifying agency: DLC
  • Modifying agency: Mx-PuUPA
  • Description conventions: rda

100 1# - HEADING--PERSONAL NAME

  • Personal name: Bartle, Richard A.,

372 ## - FIELD OF ACTIVITY

  • Field of activity: Mundo virtual

374 ## - OCCUPATION

  • Occupation: Profesor universitario en inteligencia artificial.
  • Occupation: Autor
  • Occupation: Escritor influyente en todos los aspectos del mundo virtual.

375 ## - GENDER

  • Gender: hombre

377 ## - ASSOCIATED LANGUAGE

  • Language code: eng

670 ## - SOURCE DATA FOUND

  • Source citation: Designing virtual worlds, c2004:
  • Information found: t.p. (Richard A. Bartle) p. xiv (Ph.d.; lives outside Colchester, England)

670 ## - SOURCE DATA FOUND

  • Source citation: Author's Web site, Sept. 30, 2005
  • Information found: (Richard Allan Bartle; b. Ripon, Eng., Jan. 10, 1960; Ph. D., Essex U. in Artificial intelligence; has designed computer games and worked as a consultant; visting professor at Essex U.)

670 ## - SOURCE DATA FOUND

  • Source citation: Biblioteca del congreso (Estados Unidos), 22 mayo 2019:
  • Information found: catálogo electrónico
  • Uniform Resource Identifier: https://bit.ly/2Bk7Wc5